<?xml version="1.0" encoding="UTF-8"?>
<record
    xmlns:xsi="http://www.w3.org/2001/XMLSchema-instance"
    xsi:schemaLocation="http://www.loc.gov/MARC21/slim http://www.loc.gov/standards/marcxml/schema/MARC21slim.xsd"
    xmlns="http://www.loc.gov/MARC21/slim">

  <leader>00488nam a22001577a 4500</leader>
  <controlfield tag="003">OSt</controlfield>
  <controlfield tag="005">20140310182207.0</controlfield>
  <controlfield tag="008">130904t        xxu||||| |||| 00| 0 eng d</controlfield>
  <datafield tag="050" ind1=" " ind2=" ">
    <subfield code="a">BV 652.1 </subfield>
    <subfield code="b">.EDd6 [ca1990]</subfield>
  </datafield>
  <datafield tag="082" ind1=" " ind2=" ">
    <subfield code="a">HS 248.4</subfield>
    <subfield code="b">Ed9 19</subfield>
  </datafield>
  <datafield tag="245" ind1=" " ind2=" ">
    <subfield code="a">Leadership foundations </subfield>
    <subfield code="b">Terry Edwards.  </subfield>
    <subfield code="c"> a training manual for christian leaders </subfield>
  </datafield>
  <datafield tag="260" ind1=" " ind2=" ">
    <subfield code="a">California : </subfield>
    <subfield code="b">Christian Equippers International, </subfield>
    <subfield code="c">[ca1990]</subfield>
  </datafield>
  <datafield tag="300" ind1=" " ind2=" ">
    <subfield code="a">153 p. :</subfield>
    <subfield code="b">ill. ;</subfield>
    <subfield code="c">22 cm.</subfield>
  </datafield>
  <datafield tag="942" ind1=" " ind2=" ">
    <subfield code="2">lcc</subfield>
  </datafield>
  <datafield tag="999" ind1=" " ind2=" ">
    <subfield code="c">10357</subfield>
    <subfield code="d">10357</subfield>
  </datafield>
  <datafield tag="952" ind1=" " ind2=" ">
    <subfield code="0">0</subfield>
    <subfield code="1">0</subfield>
    <subfield code="2">lcc</subfield>
    <subfield code="4">0</subfield>
    <subfield code="a">LUX</subfield>
    <subfield code="b">LUX</subfield>
    <subfield code="c">HS</subfield>
    <subfield code="d">2013-09-04</subfield>
    <subfield code="l">0</subfield>
    <subfield code="o">BV 652.1  .Ed26 [ca.1990]</subfield>
    <subfield code="p">7138</subfield>
    <subfield code="r">2017-06-14 00:00:00</subfield>
    <subfield code="t">1</subfield>
    <subfield code="w">2013-09-04</subfield>
    <subfield code="y">BK</subfield>
  </datafield>
</record>
